LIBRARY & INFORMATION CENTRE, KCAET, TAVANUR

ONLINE PUBLIC ACCESS CATALOGUE (OPAC)

Principles of nuclear geology / (Record no. 12073)

MARC details
000 -LEADER
fixed length control field 00439cam a2200169ua 4500
020 ## - INTERNATIONAL STANDARD BOOK NUMBER
ISBN 81 204 0004 6
041 ## - LANGUAGE CODE
Language code of text/sound track or separate title eng
082 ## - DEWEY DECIMAL CLASSIFICATION NUMBER
Classification number 551
Item number ASW/PRI
100 ## - MAIN ENTRY--AUTHOR NAME
Personal name Aswatha narayana, U .
245 ## - TITLE STATEMENT
Title Principles of nuclear geology /
260 ## - PUBLICATION, DISTRIBUTION, ETC. (IMPRINT)
Place of publication Newdelhi :
Name of publisher Oxonian press ,
Year of publication 1985.
300 ## - PHYSICAL DESCRIPTION
Number of Pages 397 ; .
942 ## - ADDED ENTRY ELEMENTS (KOHA)
Koha item type Books
Holdings
Withdrawn status Lost status Damaged status Home library Current library Date acquired Full call number Accession Number Koha item type
      KAUAET KAUAET 07/04/2012 551 ASW/PR 20067 Books
free website counter